| 000 | 01527cai a22003015a 4500 | ||
|---|---|---|---|
| 001 | L140355 | ||
| 008 | 070919e20070417xxk f 100 0 eng d | ||
| 035 | _a(Sirsi) u140355 | ||
| 041 | 0 | _aeng | |
| 050 | 0 | 4 | _a346.420323 $2 22 |
| 111 | 2 |
_aRoots Rural Research Conference 2007 _cRICS, London _d17 April 2007 |
|
| 245 | 0 | 0 |
_aLegislating for animal instincts _ba comparative study of liability for personal injury involving equines in England and the USA _bwith reference to the effects on commercial land use and farm diversification _h[electronic resource] |
| 260 |
_aLondon _bRICS _c2007 |
||
| 520 | _aStudies the liability of UK land owners and occupiers with reference to a comparable legal system (the USA ). Aims to establish if the existing law, and the level of liability it ascribes, operates to the detriment of farm diversification plans and business sustainability. | ||
| 590 | _aka | ||
| 650 | 2 | 4 | _aANIMALS ACT 1971 |
| 650 | 2 | 4 | _aCOUNTRYSIDE AND RIGHTS OF WAY ACT 2000 |
| 650 | 2 | 4 | _aCOUNTRYSIDE (DEDICATION OF LAND) ENGLAND) REGULATIONS 2003 |
| 650 | 2 | 4 | _aDISABILITY DISCRIMINATION ACT 1995 |
| 650 | 2 | 4 | _aHIGHWAYS ACT 1980 |
| 650 | 2 | 4 | _aOCCUPIERS LIABILITY ACT 1957 |
| 650 | 2 | 4 | _aOCCUPIERS LIABILITY ACT 1984 |
| 650 | 2 | 4 | _aCOUNTRYSIDE (DEDICATION OF LAND) ENGLAND) REGULATIONS 2003 |
| 651 | 4 |
_aEngland and Wales _y1543- |
|
| 700 | 1 | _ade Silva, Carrie | |
| 856 | 4 | 8 |
_uhttps://www.rics.org/site/scripts/download_info.aspx?fileID=3558 _zView this article free of charge at www.rics.org... |
| 942 | _n0 | ||
| 999 |
_c107490 _d107490 |
||